000 00263nam a2200097Ia 4500
082 _aLIN
245 0 _aDae van betowering
100 _a LINGUA, Susanna M. (Susanna Myburgh) ** Pretoria, 1995 ** *
942 _cBK
008 210817s9999 xx 000 0 und d
999 _c367777
_d367776